000 00767nam a22002417a 4500
003 OSt
005 20260310013056.0
008 260310b |||||||| |||| 00| 0 eng d
020 _a0-256-14026-X.
040 _aDWCL Main lib
_cOC
082 _210th ed.
_aCirc. 337.22 L745i 1996
100 _a Lindert, Peter H.
245 _aInternational economics
_cPeter H. Lindert
250 _a10th ed.
260 _aBoston, Massachudettes :
_bIrwin/McGraw-Hill,
_cc1996.
300 _axxiv, 679 p. :
_bill. ;
_c24 cm.
504 _aIncludes bibliographical references and index.
650 _aCommercial policy.
650 _aForeign exchange.
650 _aInternational economic relations.
700 _aThomas A. Pugel
942 _2ddc
_cBK-CIRC
_e10th ed.
_kCirc.
_n0
999 _c8812
_d8812